Новые разработки в механизированной добыче; Нефтегазовые технологии; № 1

Bibliographic Details
Parent link:Нефтегазовые технологии: научно-технический журнал/ World Oil ; Pipe Line Industry ; Gulf Publishing Company.— , 1994-.— 0202-4578
№ 1.— 2004.— С. 60-66
Main Author: Ли Д. Ф. Джеймс
Other Authors: Уинклер Г. У. Геральд (переводчик), Снайдер Р. Э. Роберт, Моцохейн Б.
Language:Russian
Published: 2004
Series:Нефть мира
Subjects:
Format: Book Chapter
KOHA link:https://koha.lib.tpu.ru/cgi-bin/koha/opac-detail.pl?biblionumber=391130

MARC

LEADER 00000naa2a2200000 4500
001 391130
005 20231101064042.0
035 |a (RuTPU)RU\TPU\prd\24925 
090 |a 391130 
100 |a 20040406a2004 k y0rusy50 ca 
101 0 |a rus 
102 |a RU 
200 1 |a Новые разработки в механизированной добыче  |f Д. Ф. Ли, Г. У. Уинклер, Р. Э. Снайдер  |g Пер. Б. Моцохейн 
225 1 |a Нефть мира 
461 1 |0 (RuTPU)RU\TPU\prd\1175  |x 0202-4578  |t Нефтегазовые технологии  |o научно-технический журнал  |f World Oil ; Pipe Line Industry ; Gulf Publishing Company  |d 1994- 
463 1 |0 (RuTPU)RU\TPU\prd\24183  |t № 1  |v С. 60-66  |d 2004 
610 1 |a механизированная добыча 
610 1 |a погруженное оборудовние 
610 1 |a электрические погруженные насосы 
610 1 |a наземное оборудовние 
610 1 |a новинки 
700 1 |a Ли  |b Д. Ф.  |g Джеймс 
701 1 |a Уинклер  |b Г. У.  |g Геральд 
701 1 |a Снайдер  |b Р. Э.  |g Роберт 
702 1 |a Моцохейн  |b Б.  |4 730 
801 1 |a RU  |b 63413507  |c 20040406  |g PSBO 
801 2 |a RU  |b 63413507  |c 20120116  |g RCR 
942 |c BK